书目信息 |
| 题名: |
作品精神权利论
|
|
| 作者: | 杨延超 著 | |
| 分册: | ||
| 出版信息: | 北京 法律出版社 2007 |
|
| 页数: | 403页 | |
| 开本: | 21cm | |
| 丛书名: | 中国优秀法学博士论文文库 | |
| 单 册: | ||
| 中图分类: | D913.04 | |
| 科图分类: | ||
| 主题词: | 著作权法--研究 | |
| 电子资源: | ||
| ISBN: | 978-7-5036-7167-8 | |
| 000 | 00815oam2 2200253 450 | |
| 001 | 012007050517 | |
| 005 | 20070805175502.53 | |
| 010 | @a978-7-5036-7167-8@dCNY28.00@z7-5036-7167-X | |
| 100 | @a20070626d2007 em y0chiy0110 ea | |
| 101 | 0 | @achi |
| 102 | @aCN@b110000 | |
| 105 | @ay z 000yy | |
| 200 | 1 | @a作品精神权利论@9zuo pin jing shen quan li lun@f杨延超著 |
| 210 | @a北京@c法律出版社@d2007 | |
| 215 | @a403页@d21cm | |
| 225 | 2 | @a中国优秀法学博士论文文库 |
| 330 | @a本书内容涵盖作品精神权利概论;作品精神权利价值论及作品精神权利本质论等方面。 | |
| 461 | 0 | @12001 @a中国优秀法学博士论文文库 |
| 510 | 1 | @aOn the moral rights of works@zeng |
| 606 | 0 | @a著作权法@x研究 |
| 690 | @aD913.04@v4 | |
| 701 | 0 | @a杨延超@9yang yan chao@4著 |
| 801 | 0 | @aCN@bRENTIAN@c20070805 |
| 905 | @a10447@dD913.04@e399 | |
| 作品精神权利论/杨延超著.-北京:法律出版社,2007 |
| 403页;21cm.-(中国优秀法学博士论文文库) |
| ISBN 978-7-5036-7167-8:CNY28.00 |
| 本书内容涵盖作品精神权利概论;作品精神权利价值论及作品精神权利本质论等方面。 |
| ● |
| 相关链接 |
|
|
|
|
正题名:作品精神权利论
索取号:D913.04/399
 
预约/预借
| 序号 | 登录号 | 条形码 | 馆藏地/架位号 | 状态 | 备注 |
| 1 | 0806202 | 208062022 | 第一样本阅览室/ [索取号:D913.04/399] | 在馆 | |
| 2 | 0806203 | 208062031 | 第一借阅区/ [索取号:D913.04/399] | 在馆 | |
| 3 | 0806204 | 208062040 | 第一借阅区/ [索取号:D913.04/399] | 在馆 | |
| 4 | 0806205 | 208062059 | 第一借阅区/ [索取号:D913.04/399] | 在馆 | |
| 5 | 0806206 | 208062068 | 密集书库/ [索取号:D913.04/399] | 在馆 | |
| 6 | 0806207 | 208062077 | 第一借阅区/ [索取号:D913.04/399] | 在馆 | |
| 7 | 0806208 | 208062086 | 第一借阅区/ [索取号:D913.04/399] | 在馆 | |
| 8 | 0806209 | 208062095 | 密集书库/ [索取号:D913.04/399] | 在馆 | |
| 9 | 0806210 | 208062102 | 密集书库/ [索取号:D913.04/399] | 在馆 | |
| 10 | 0806211 | 208062111 | 密集书库/ [索取号:D913.04/399] | 在馆 |